000 00867nam a2200217 a 4500
001 000045698
005 20201002052408.0
008 150428s1979 cauac 000 0 spa d
020 _a0934934002
040 _aDO-SdBNP
_bspa
_cBNPHU
082 _axxxx
_bxxxx
100 1 _aNettleford, Rex,
_d1933-2010.
_973755
245 1 0 _aCaribbean cultural identity :
_bthe case of Jamaica : an essay in cultural dynamics /
_cRex M. Nettleford ; foreword by Claudia Mitchell-Kernan.
260 _a[Los Angeles, California] :
_bCenter for Afro-American Studies,
_c1979.
300 _axix, 238 p. :
_bil., retrs. ;
_c24 cm.
490 1 _aAfro-American culture and society
_v1
490 1 _aLatin American studies
_v47
700 1 2 _aMitchell-Kernan, Claudia,
_eprĂ³l.
_973756
830 0 _aAfro-American culture and society ;
_n1
_973757
830 0 _aLatin American studies ;
_n47
_973758
999 _c45187
_d45187